000 00790nam a2200265Ia 4500
003 OSt
005 20221006160546.0
006 a|||||r|||| 00| 0
007 ta
008 221006b |||||||| |||| 00| 0 eng d
020 _a9788952115805
_c
_50.00
024 _a45,484
037 _cTextual
040 _aEASL
_cEASL
_beng
041 _2eng
_aeng
082 _aV49B.P1, Q4
100 _aLIM Hyun-Chin
_9674106
245 0 _aGlobal challenges in Asia
_b new development models and regional community building
260 _aSeoul
_bSeoul national University press
_c2014
300 _a406p.
_ccm.
490 _v Oth
_aSNUAC Series in Asian studies3
650 _aRise of Asia
_9674107
942 _hV49B.P1, Q4
_cTEXL
_2CC
999 _c1113576
_d1113576